000 01244nam a2200313 a 4500
001 ebr10483011
003 CaPaEBR
006 m u
007 cr cn|||||||||
008 110729s2008 gw ac sb 000 0 eng d
020 _z9783836662291
020 _z9783836612296 (e-book)
040 _aCaPaEBR
_cCaPaEBR
035 _a(OCoLC)747411707
043 _aa-tu---
_ae------
050 1 4 _aHF2296.5.C8
_bV65 2008eb
100 1 _aVoigt, Susanne.
245 1 4 _aThe customs union between Turkey and the EU
_h[electronic resource] :
_bhow did it affect Turkey? /
_cSusanne Voigt.
260 _aHamburg :
_bDiplom.de,
_c2008.
300 _avii, 100 p. :
_bill. (some col.), col. port.
500 _aTitle from cover.
504 _aIncludes bibliographical references.
533 _aElectronic reproduction.
_bPalo Alto, Calif. :
_cebrary,
_d2011.
_nAvailable via World Wide Web.
_nAccess may be limited to ebrary affiliated libraries.
650 0 _aCustoms unions
_zTurkey.
650 0 _aCustoms unions
_zEuropean Union countries.
655 7 _aElectronic books.
_2local
710 2 _aebrary, Inc.
856 4 0 _uhttp://site.ebrary.com/lib/rucke/Doc?id=10483011
_zAn electronic book accessible through the World Wide Web; click to view
999 _c225194
_d225194